A second course in number theory

Αποθηκεύτηκε σε:
Λεπτομέρειες βιβλιογραφικής εγγραφής
Κύριος συγγραφέας: Cohn, Harvey
Μορφή: Βιβλίο
Γλώσσα:English
Δημοσίευση: New York : Wiley, [1962]
Θέματα:
Ετικέτες: Προσθήκη ετικέτας
Δεν υπάρχουν, Καταχωρήστε ετικέτα πρώτοι!

MARC

LEADER 00000cam a2200000 i 4500
001 1/12250
008 110304s1962 eng d
035 |l 10109714 
040 |a GR-MY-UA  |b gre  |e aacr 
041 0 |a eng 
082 0 |a 512.7  |2 (22) 
100 1 |a Cohn, Harvey. 
245 1 2 |a A second course in number theory /  |c Harvey Cohn 
260 |a New York :   |b Wiley,   |c [1962] 
300 |a 276 σ.;  |b εικ.;  |c 24 εκ. 
504 |a Περιέχει βιβλιογραφία 
650 0 0 |a Number theory. 
852 |a INST  |b SAMOS  |c MAG  |e 20110304  |h 512.7 COH  |p 005300032956  |q 005300032956  |t BK  |y 0 
901 |a BIBL3-2011-1 
909 |a Σ  |b 166969 
970 |a ΓΟΥΒΑΛΑ  |b ΒΑΣΩ  |z 2011/03/04